000 00543nam a2200181 4500
999 _c171606
_d171606
005 20200116120034.0
010 _aENG-127387
020 _a9789386473783
_c595.00
035 _aEN-110919
037 _bDBAD/PUB
082 _a954
100 _aGoswami,Karolina
245 _aDiscovering India
_cby Goswami,Karolina
260 _aNew Delhi
_bVitasta Publishing
_c2020
270 _a 2/15,Ansari Road Daryaganj
_bNew Delhi
_e40001
_minfo@vitastapublishing.com
300 _axii;207p.
_c22cm(Hb)
942 _2ddc
_cEN
_h954
_mGOS